00386 a2200133 4500000002500000100002100025110002100046245005100067250002000118260004400138264004400182942000700226999001900233 nam a22 7a 4500 aSharma, Kalpana  aSharma, Kalpana  aResearch in Ancient History: Methods and Areas aLatest edition  bSwastik Publishers & Distributorsc2025 bSwastik Publishers & Distributorsc2025 cBK c394948d394948